000 01748nam0a2200301 i 4500
001 RU\NLR\bibl\2052715
005 20241101232849.0
010 _a9785888716045
_9130
021 _aRU
_b2013-47214
_93276
035 _a(NLR Aleph) 002039708
090 _a4590102
_c4590102
100 _a20130711d2013 u y0rusy50 ca
101 0 _arus
102 _aRU
105 _aa |||||||||
200 1 _aТранспортные узлы и пути: общее устройство и оборудование
_eучебное пособие
_eдля студентов направления подготовки бакалавров 190700.62 "Технология транспортных процессов" профиля подготовки "Организация перевозок и управление на водном транспорте" вузов региона
_fС.С. Валькова
_gФедер. агентство по рыболовству, Дальневост. гос. техн. рыбохоз. ун-т
210 _aВладивосток
_cДальрыбвтуз
_d2013
215 _a236 с.
_cил.
_d21
320 _aБиблиогр.: с. 233-234 (19 назв.)
606 1 _aПорты
_jУчебные издания для высших учебных заведений
_91287864
_3RU\NLR\auth\66214343
606 _aПортовые сооружения
_jУчебные издания для высших учебных заведений
_91068451
_3RU\NLR\auth\66415684
686 _aО413я73-1
700 1 _aВалькова
_bС. С.
_gСветлана Сергеевна
_4070
801 0 _aRU
_bNLR
_c20130711
_gRCR
801 1 _aRU
_bNLR
_c20130711
942 _cBOOK
980 _aNBR